| 000 | 00563nam a2200133Ia 4500 | ||
|---|---|---|---|
| 008 | 171212s9999 xx 000 0 und d | ||
| 020 | _a9780833047427 | ||
| 100 | _aCarroll, Stephen J.;Erkut, Emre | ||
| 245 |
_cCarroll, Stephen J.;Erkut, Emre _aThe Benefits to Taxpayers from Increases in Students’ Educational Attainment |
||
| 260 |
_bRAND Corporation _c2009 |
||
| 650 | _aEducation | ||
| 650 | _aPublic schools -- United States -- Finance; Education -- United States -- Finance; Income tax -- United States | ||
| 856 | _uwww.jstor.org/stable/10.7249/mg686wfhf | ||
| 999 |
_c352619 _d352619 |
||